01214cam a22003374i 4500003000900000005001700009008004100026035001800067040003300085082002000118100003100138245005900169264005800228300003800286336002100324337002500345338002300370505034300393526001000736526001000746526001000756526001000766526000800776526000800784526000800792526000800800526000800808526000800816526000800824650004400832PE-LiUPU20250731173444.0150616s ag r 000 0 spa d a(Sirsi) a5843 aPE-LiUPUbspacPE-LiUPUerda04a250.09bW192211 aWalker, Williston,eautor.10aHistoria de la Iglesia Cristiana /cWillinston Walker. 1aBuenos Aires :bCasa Nazarena de Publicaciones,cs/f. a623 páginas ;c22 centímetros atext2rdacontent aunmediated2rdamedia avolume2rdacarrier0 aDesde los comienzos hasta la crisis gnostica.- Desde la crisis gnóstica hasta Constantino.- La Iglesia del estado imperial.- la edad media hasta la terminación de la lucha de las investiduras.- Fines de la edad media.- La reforma.- La transcición a la situación religiosa moderna.- Historia de la iglesia cristiana desde el 1914. aSEG42 aSEG41 aSEG40 aSEG39 aP94 aP87 aP86 aP85 aP77 aP76 aP3504aIglesiaxHistoriayPeríodo primitivo.